00607nam a2200145 a 450000100100000000500170001000800410002704000250006808200140009324501370010726000680024430000200031295201120033299900170044400002967520200930055724.0110425s1955 dr 000 0 spa d aDO-SdBNPbspacBNPHU axxxbB29900aBases y estatutos de la Cámara Oficial de Comercio, Agricultura e Industria del Distrito de Santo Domingo, República Dominicana. aCiudad Trujillo, República Dominicana :bImprenta ABC,c1955. a33 p. ;c24 cm. 0010718PDaPDbPDcCTd2011-04-25iLF1l0oxxx B299p29675-10r2020-06-25w2020-06-25yLFPDZNo se presta c29167d29167